[Event "Titled Tuesday intern op 08th Feb Late"]
[Site "Chess.com INT"]
[Date "2022.02.08"]
[Round "5"]
[White "Morris Suzuki, Sophie"]
[Black "Prohorov, Olexandr"]
[Result "1-0"]
[WhiteElo "2067"]
[BlackElo "2086"]
[PlyCount "145"]
[EventDate "2022.02.08"]
[EventType "swiss (blitz)"]
[EventRounds "11"]
[EventCountry "USA"]
[SourceTitle "CBM 206 Extra"]
[Source "ChessBase"]
[SourceDate "2022.03.31"]
[SourceVersion "1"]
[SourceVersionDate "2022.03.31"]
[SourceQuality "1"]

1. d4 g6 2. e4 Bg7 3. Nc3 c6 4. Nf3 d5 5. e5 Bg4 6. Be3 f6 7. exf6 exf6 8. Bd3 Nh6 9. 0-0 0-0 10. h3 Bxf3 11. Qxf3 Nf7 12. Rfe1 Nd6 13. Re2 f5 14. Nxd5 cxd5 15. Qxd5+ Kh8 16. Bf4 Ne4 17. Qxb7 Nd7 18. c3 Nb6 19. Bxe4 fxe4 20. Qxe4 Nd5 21. Bg3 Rc8 22. Rae1 a5 23. Qg4 a4 24. a3 Qb6 25. Qd7 Rcd8 26. Qxa4 Ra8 27. Qc4 Nf6 28. Be5 Rac8 29. Qd3 Qc6 30. Re3 Nh5 31. Bxg7+ Nxg7 32. d5 Qd6 33. c4 Nf5 34. Re6 Qf4 35. Qc3+ Kg8 36. g3 Qxc4 37. Qxc4 Rxc4 38. Rd1 Nd4 39. Re3 Rb8 40. b4 Kf7 41. Red3 Nf5 42. d6 Ke8 43. d7+ Kd8 44. Re1 Ne7 45. Rde3 Kxd7 46. Rxe7+ Kd6 47. Rxh7 Rf8 48. Rg7 Rf6 49. Rd1+ Kc6 50. Rd2 Rc1+ 51. Kg2 Ra1 52. Rd3 Ra2 53. Rf3 Re6 54. h4 Rd2 55. Rh7 Rdd6 56. Rh6 Kb5 57. g4 Ka4 58. g5 Rc6 59. Rg3 Kb5 60. h5 gxh5 61. Rxe6 Rxe6 62. g6 Re8 63. Kh3 Rg8 64. f4 Kc6 65. f5 Kd6 66. f6 Ke6 67. f7 Kf5 68. fxg8Q Kf6 69. Qf7+ Ke5 70. g7 Kd4 71. g8Q Ke5 72. Qd5+ Kf4 73. Qgf7# 1-0

[Event "Titled Tuesday intern op 08th Feb Late"]
[Site "Chess.com INT"]
[Date "2022.02.08"]
[Round "7"]
[White "Morris Suzuki, Sophie"]
[Black "Roman, Rodrigo"]
[Result "1-0"]
[WhiteElo "2067"]
[BlackElo "2078"]
[PlyCount "131"]
[EventDate "2022.02.08"]
[EventType "swiss (blitz)"]
[EventRounds "11"]
[EventCountry "USA"]
[SourceTitle "CBM 206 Extra"]
[Source "ChessBase"]
[SourceDate "2022.03.31"]
[SourceVersion "1"]
[SourceVersionDate "2022.03.31"]
[SourceQuality "1"]

1. d4 Nf6 2. c4 e6 3. Nc3 Bb4 4. e3 c5 5. Bd3 Bxc3+ 6. bxc3 d6 7. e4 e5 8. Ne2 Nc6 9. 0-0 h6 10. f4 exd4 11. cxd4 cxd4 12. h3 0-0 13. Bb2 Qb6 14. Rb1 Qc5 15. Ba1 a6 16. Kh1 Re8 17. e5 dxe5 18. fxe5 Rxe5 19. Nxd4 Bxh3 20. gxh3 Rh5 21. Rf3 Rd8 22. Nxc6 Qxc6 23. Qf1 Rxh3+ 24. Qxh3 Rxd3 25. Rbf1 Ne4 26. Qg2 Ng5 27. Rxd3 Qxc4 28. Rd8+ Kh7 29. Bb2 Qh4+ 30. Kg1 Qb4 31. Rd4 Qb6 32. Kh1 Qe6 33. Qc2+ g6 34. Qg2 Qb6 35. Rdf4 f5 36. R4f2 Ne4 37. Rf3 Qd8 38. Rh3 Qd7 39. Bc1 h5 40. Qf3 b5 41. Rg1 Qe6 42. Rxh5+ Kg7 43. Rh4 Nf6 44. Bb2 Kf7 45. Bxf6 Qxf6 46. Qh3 Qc6+ 47. Qg2 Qf6 48. Rh7+ Kg8 49. Qxg6+ Qxg6 50. Rxg6+ Kxh7 51. Rxa6 f4 52. Rf6 Kg7 53. Rxf4 Kg6 54. Rb4 Kf5 55. Rxb5+ Ke6 56. a4 Kd7 57. a5 Kc6 58. Rb1 Kc7 59. a6 Kc6 60. a7 Kd6 61. a8Q Ke5 62. Qd8 Kf5 63. Re1 Kg6 64. Qf8 Kh5 65. Rg1 Kh4 66. Qh6# 1-0

[Event "Titled Tuesday intern op 08th Feb Late"]
[Site "Chess.com INT"]
[Date "2022.02.08"]
[Round "4"]
[White "Oro, Luis"]
[Black "Morris Suzuki, Sophie"]
[Result "1-0"]
[WhiteElo "2255"]
[BlackElo "2067"]
[PlyCount "117"]
[EventDate "2022.02.08"]
[EventType "swiss (blitz)"]
[EventRounds "11"]
[EventCountry "USA"]
[SourceTitle "CBM 206 Extra"]
[Source "ChessBase"]
[SourceDate "2022.03.31"]
[SourceVersion "1"]
[SourceVersionDate "2022.03.31"]
[SourceQuality "1"]

1. e4 c5 2. Nf3 e6 3. d4 cxd4 4. Nxd4 Nc6 5. c4 Nf6 6. Nc3 Bb4 7. Nxc6 bxc6 8. Bd3 d5 9. exd5 Bxc3+ 10. bxc3 cxd5 11. 0-0 0-0 12. Qe2 Bb7 13. Bg5 h6 14. Bh4 Rc8 15. f3 Re8 16. cxd5 Bxd5 17. Rac1 Qb6+ 18. Bf2 Qc7 19. c4 Bc6 20. Rfd1 Nd7 21. Qb2 Ne5 22. Be2 Rb8 23. Qc3 Ng6 24. Bd3 Nf4 25. Bg3 e5 26. Bf1 Qe7 27. c5 Qg5 28. Rd6 Nd5 29. Qe1 Rbc8 30. Rb1 h5 31. Ba6 Rc7 32. Bd3 Nf4 33. Bf1 Qe7 34. Bh4 f6 35. Bg3 g5 36. h4 gxh4 37. Bxh4 Rf8 38. Qg3+ Qg7 39. Qf2 Qg6 40. Qd2 Nh3+ 41. Kh2 Nf4 42. Bg3 f5 43. Bxf4 Qf7 44. Bxe5 Qe7 45. Bf4 Qf7 46. Bg5 Re8 47. Rc1 Rd7 48. Bc4 Rxd6 49. Bxf7+ Kxf7 50. Qxd6 Re6 51. Qc7+ Kg6 52. Qd8 Re8 53. Qf6+ Kh7 54. Qh6+ Kg8 55. Qg6+ Kf8 56. Qxc6 Kf7 57. Qd7+ Kf8 58. Bh6+ Kg8 59. Qg7# 1-0